Sneeuman / (Record no. 785028)

MARC details
000 -LEADER
fixed length control field 00697nam a22002417b 4500
003 - CONTROL NUMBER IDENTIFIER
control field 3228
005 - DATE AND TIME OF LATEST TRANSACTION
control field 20250908161139.0
008 - FIXED-LENGTH DATA ELEMENTS--GENERAL INFORMATION
fixed length control field 250908b sa ||||| |||| 00| 1 AFR d
020 ## - INTERNATIONAL STANDARD BOOK NUMBER
International Standard Book Number 0628030355 (paperback)
Qualifying information hbk
040 ## - CATALOGING SOURCE
Original cataloging agency MPL
Language of cataloging English
Transcribing agency 2000
Description conventions Resource Description and Access
041 ## - LANGUAGE CODE
Source of code A
Language code of text/sound track or separate title afrikaans
082 #0 - DEWEY DECIMAL CLASSIFICATION NUMBER
Classification number AF STEY
100 ## - MAIN ENTRY--PERSONAL NAME
9 (RLIN) 123258
Personal name Steyn, Carl
245 ## - TITLE STATEMENT
Title Sneeuman /
Statement of responsibility, etc. Carl Steyn
260 ## - PUBLICATION, DISTRIBUTION, ETC.
Place of publication, distribution, etc. Johannesburg :
Name of publisher, distributor, etc. Klub 707,
Date of publication, distribution, etc. 1986
300 ## - PHYSICAL DESCRIPTION
Extent 145 pages :
Other physical details jacket ;
Dimensions 21 cm.
490 ## - SERIES STATEMENT
Series statement Klub 707
655 #0 - INDEX TERM--GENRE/FORM
9 (RLIN) 189056
Genre/form data or focus term Afrikaans Fiction
655 #0 - INDEX TERM--GENRE/FORM
9 (RLIN) 172264
Genre/form data or focus term Detective and mystery fiction
655 #0 - INDEX TERM--GENRE/FORM
9 (RLIN) 188653
Genre/form data or focus term Suspence Fiction
655 #0 - INDEX TERM--GENRE/FORM
9 (RLIN) 188605
Genre/form data or focus term Crime Fiction
942 ## - ADDED ENTRY ELEMENTS
Source of classification or shelving scheme Dewey Decimal Classification
item type Books
Edition DDC23
-- 296
-- Phillipina Naude
-- 296
-- Phillipina Naude
Holdings
Withdrawn status Lost status Source of classification or shelving scheme Damaged status Not for loan Collection code Home library Current library Shelving location Date acquired Total Checkouts Full call number Barcode Date last seen Price effective from item type Public note
    Dewey Decimal Classification     Fiction Klipfontein PL (MMID-PLEM-KLIP) Klipfontein PL (MMID-PLEM-KLIP) Fiction 08.09.2025   AF STEY 74229 08.09.2025 08.09.2025 Books D104656
    Dewey Decimal Classification     Fiction Volksrust Volksrust Fiction 28.04.2026   AF STEY 33228001960739 28.04.2026 28.04.2026 Books